| 000 | 00494nam a22001817a 4500 | ||
|---|---|---|---|
| 005 | 20260702152802.0 | ||
| 020 | _a9789349750258 | ||
| 100 |
_aBarvinok, Alexander _917211 |
||
| 245 | _aCourse in convexity | ||
| 260 |
_aTelangana _bUniversities press _c2026 |
||
| 300 | _ax+366 | ||
| 490 | _aGraduate studies in mathematics | ||
| 500 | _aGraduate studies in mathematics vol 54 | ||
| 650 | _aLinear Programming | ||
| 650 |
_aTopology _91200 |
||
| 650 |
_aPolytope _917394 |
||
| 942 |
_2ddc _cBK |
||
| 999 |
_c761170 _d761170 |
||